La decisión de privatizar: fines públicos, medios privados

Salvato in:
Dettagli Bibliografici
Autore principale: Donahue, John D (Autore)
Natura: Libro
Lingua:spagnolo
Pubblicazione: Buenos Aires Paidós 1991
Soggetti:
Tags: Aggiungi Tag
Nessun Tag, puoi essere il primo ad aggiungerne!!

MARC

LEADER 00000nam a2200000 a 4500
001 UCV2837
003 CL-VaPUC
008 921126e19910000AG |||||||||||||||||spa|d
082 0 4 |a 333.2  |b DON  |2 21 
100 0 |a Donahue, John D  |e author  |9 297095 
245 1 3 |a La decisión de privatizar: fines públicos, medios privados 
300 |a 366 p 
942 |c BK 
945 |d 19921126 00:00:00  |a nfarias 
260 |a Buenos Aires  |b Paidós  |c 1991 
650 7 |a PRIVATIZACION  |2 CL-VaPUC  |9 258145 
651 0 |a Estados Unidos  |9 255178 
583 |a last modification  |c 19921126 00:00:00  |k Rodrigo Vera 
999 |c 210310  |d 210308 
952 |0 0  |1 0  |4 0  |6 333_200000000000000_DON_1991  |7 0  |8 A  |9 186445  |a BIBGIM  |b BIBGIM  |d 2019-11-14  |i 253925K  |o 333.2 DON 1991  |p 253925K  |r 2025-01-15  |w 2019-11-14  |y BK  |k GIM 
952 |0 0  |1 0  |4 0  |6 333_200000000000000_DON_1991  |7 0  |8 A  |9 186446  |a BIBENE  |b BIBENE  |d 2019-11-14  |i 2539268  |l 1  |m 1  |o 333.2 DON 1991  |p 2539268  |r 2025-01-15  |s 2022-09-08  |w 2019-11-14  |y BK  |k ICO 
952 |0 0  |1 0  |4 0  |6 333_200000000000000_DON_1991  |7 0  |8 A  |9 186447  |a BIBDER  |b BIBDER  |d 2019-11-14  |i 2539276  |o 333.2 DON 1991  |p 2539276  |r 2023-01-25  |w 2019-11-14  |y BK  |k DER